Szczegóły MARC21

Przygody Tomka Sawyera /

003 -Nazwa inst., której nr kontr. jest w polu 001 [,]
    • @
    • Nazwa instytucji, której n kontrolny jest w polu 001
    • NUKAT
005 -DATA I CZAS OSTATNIEJ MODYFIKACJI [,]
    • @
    • pole kontrolne
    • 20241231091151.0
040 -Instytucja sporządzająca opis [ , ]
    • a
    • Instytucja, która sporządziła opis (NP)
    • KR 119/MD
    • c
    • Instytucja, która sporządziła rekord (NP)
    • KR 119/MD
    • d
    • Instytucja, która zmodyfikowała rekord (P)
    • KR 119/jps
041 -Język dokumentu [1, ]
    • a
    • Język tekstu (P)
    • polski
    • h
    • Język tekstu oryginalnego i/lub pośredniego (P)
    • angielski
942 -Rodzaj dokumentu [ , ]
    • c
    • Rodzaj dokumentu
    • Książka
100 -Hasło główne - nazwa osobowa [1, ]
    • a
    • Nazwa osobowa (NP)
    • Twain, Mark
    • d
    • Daty biograficzne (NP)
    • (1835-1910).
    • 9
    • KHW
    • 13759
240 -Tytuł ujednolicony [1,0]
    • a
    • Tytuł ujednolicony
    • Adventures of Tom Sawyer
    • l
    • Język tekstu
    • (pol.)
    • 9
    • KHW
    • 430861
245 -Strefa tytułu i oznaczenia odpowiedzialności [1,0]
    • a
    • Tytuł
    • Przygody Tomka Sawyera / Find
    • c
    • Pozostałe elementy strefy tytułu i oznaczenia odpowiedzialności (NP)
    • Mark Twain ; [il. A. Uniechowski].
250 -Strefa wydania [ , ]
    • a
    • Oznaczenie wydania (NP)
    • Wyd. 5, (powojenne).
260 -Strefa adresu wydawniczego [ , ]
    • a
    • Miejsce wydania (P)
    • Warszawa :
    • b
    • Nazwa wydawcy (P)
    • Iskry,
    • c
    • Data wydania (P)
    • 1953.
300 -Strefa opisu fizycznego [ , ]
    • a
    • Określenie formy książki i/lub objętość (NP)
    • 264, [3] s. :
    • b
    • Oznaczenie ilustracji (NP)
    • il. ;
    • c
    • Format (NP)
    • 21 cm.
336 -Typ zawartości [ , ]
    • a
    • Termin opisujący typ zawartości
    • Tekst
    • b
    • Kod określający zawartość
    • txt
    • 2
    • Źródło (terminu i kodu)
    • rdacontent
337 -Typ mediów [ , ]
    • a
    • Tryb odtwarzania
    • Bez urządzenia pośredniczącego
    • b
    • Kod typu mediów
    • n
    • 2
    • Źródło (terminu i kodu)
    • rdamedia
338 -Typ/rodzaj nośnika [ , ]
    • a
    • Hasło opisujące typ nośnika
    • Wolumin
    • b
    • Kod typu nośnika
    • nc
    • 2
    • Źródło (terminu i kodu)
    • rdacarrier
546 -Uwaga dot. języka [ , ]
    • a
    • Uwaga dot. języka
    • Tekst tł. z jęz. ang.
080 -Uniwersalna Klasyfikacja Dziesiętna [ , ]
    • a
    • Symbol klasyfikacji
    • 820(73)-93
655 -Hasło w funkcji tematu formalnego [ ,7]
    • a
    • Hasło
    • Powieść amerykańska dla młodzieży
    • y
    • Określnik chronologiczny
    • 1870-1914
    • v
    • Określnik formy
    • tłumaczenia polskie.
    • 2
    • Źródło terminu
    • kaba
    • 9
    • KHW
    • 423322
980 -Symbol UKD [ , ]
    • a
    • UKD
    • 820(73)-93
700 -Hasło dodatkowe - nazwa osobowa [1, ]
    • a
    • Nazwa osobowa (NP)
    • Uniechowski, Antoni Find
    • d
    • Daty biograficzne (NP)
    • (1903-1976).
    • e
    • Określenie rodzaju współpracy
    • Il.
    • 9
    • KHW
    • 13814
710 -Hasło dodatkowe - nazwa ciała zbiorowego [2, ]
    • a
    • Nazwa ciała zbiorowego lub nazwa geograficzna jako pierwszy element (NP)
    • Państwowe Wydawnictwo "Iskry" (Warszawa).
    • 4
    • Kod relacji
    • pbl
    • 9
    • KHW
    • 53684
Numer inwentarzowy Status udost. Lokalizacja Data inwentaryzacji
Pd.79631BNS1995-10-19